| 000 | 01355nam a2200217 a 4500 | ||
|---|---|---|---|
| 001 | 000369292 | ||
| 003 | AM-YeHGA | ||
| 005 | 20250618072253.0 | ||
| 008 | 041013s1983 ai 000 | rus d | ||
| 040 | _aAM-YeHGA | ||
| 041 | 0 | _arus | |
| 110 | 1 |
_aАрмянская противочумная станция. _bНаучно-производственний совет. _bРасширенное заседание _d( 1983; _cКафан ) |
|
| 245 | 1 | 0 |
_aТезисы докладов расширенного заседания научно-производственного совета Армянской противочумной станции : _b( г. Кафан, май 1983 г. ) / _cМин-во здравоохранения СССР. Арм. противочумная станция; Ред. кол.: Л. А. Аревшатян и др. |
| 260 |
_aЕреван : _bБ. и. , _c1983. |
||
| 300 |
_a44 с. ; _c21 см. |
||
| 500 | _aПосвящается 40-летию образования ПЧС | ||
| 650 | 1 | 4 |
_aСанитарно-профилактические учреждения _xПротивочумные станции _zАрмянская ССР |
| 700 | 1 |
_aԱրևշատյան, Լևոն Արտոյի, _d1938- _eред. _4edt _93141 |
|
| 710 | 2 | _aМинистерство здравоохранения ССР | |
| 090 | _c142554 | ||
| 999 |
_c141174 _d141174 |
||